00573nam a2200169Ia 4500008004100000020001800041041000800059082001800067100003700085245005000122250000600172260002700178300001700205650003000222999001900252952013200271210716s9999 xx 000 0 und d a9788174467607 aeng a658.3124 LALM aLall, Madhurima;Sharma, Sheetal. aPersonal growth and training and development. a1 aNew DelhibExcel Books axiv,572/2009 aHuman Resource Management c205450d205450 00102ddc40738MBAaAIMITbAIMITd2010-09-13g295.00l0o658.3124 LALMpMBA08016r2025-07-21 00:00:00v221.25w2021-07-16yBK